00959 2200349 4500001002100000005001500021035002000036007000300056040001700059100002900076245006200105250001200167300003600179041000800215082000800223090002100231264003700252336002100289337003000310338002300340650001700363850001000380008004100390020001800431700004100449084001400490500001900504504002500523990002200548990002200570990001700592INLIS00000000000582420260424110442 a0010-0322000068ta aSBPUPADbind0 aC.S.T. KansilePengarang1 aSistem Pemerintahan Indonesia /cC.S.T. Kansil, Christine a.-Cet.3 axiv, 380 hlm. :bilus. ;c21 cm0 aind a321 a338.1 HAS d 10-2 a.--Jakarta :bBumi Aksara,c2008 2rdacontentaTeks 2rdamediaaTanpa Perantara 2rdacarrieraVolume 4aPemerintahan aPUPAD260424 0  a979-526-851-1 aPengarang Ke-2, ChristineePengarang a321 kan s aProfil Penulis aBibliografi, hal 375 a12777/H/KAPD/2010 a12778/H/KAPD/2010 a12775/H/2010